Digital communications (Record no. 956)

000 -LEADER
fixed length control field 00508nam a2200205 a 4500
001 - CONTROL NUMBER
control field 956
003 - CONTROL NUMBER IDENTIFIER
control field BD-DhUET
008 - FIXED-LENGTH DATA ELEMENTS--GENERAL INFORMATION
fixed length control field 860516s1986 inua b 001 0 eng
020 ## - INTERNATIONAL STANDARD BOOK NUMBER
International Standard Book Number 0071181830
040 ## - CATALOGING SOURCE
Original cataloging agency DLC
Transcribing agency DLC
Modifying agency BD-DhUET
082 00 - DEWEY DECIMAL CLASSIFICATION NUMBER
Classification number 623.8
Item number PRO/2001
100 ## - MAIN ENTRY--PERSONAL NAME
Personal name Proakis, John G.
245 00 - TITLE STATEMENT
Title Digital communications
250 ## - EDITION STATEMENT
Edition statement 4th ed.
260 ## - PUBLICATION, DISTRIBUTION, ETC. (IMPRINT)
Place of publication, distribution, etc. Boston
Name of publisher, distributor, etc. McGraw-Hill
Date of publication, distribution, etc. 2001
300 ## - PHYSICAL DESCRIPTION
Extent xxi,1002p..
504 ## - BIBLIOGRAPHY, ETC. NOTE
Bibliography, etc Includes bibliographies

650 #0 - SUBJECT ADDED ENTRY--TOPICAL TERM
Topical term or geographic name as entry element Digital communications.
942 ## - ADDED ENTRY ELEMENTS (KOHA)
Koha item type General Book
Holdings
Koha normalized classification for sorting Shelving location Koha date last borrowed Koha full call number Koha date last seen Koha item type Copy number Price effective from Location (home branch) Not for loan Damaged status Source of classification or shelving scheme Lost status Sublocation or collection (holding branch) Koha issues (times borrowed) Withdrawn status Piece designation (barcode) Date acquired
623_000000000000000_8PRO2001Circulation section 623.8/PRO/20012014-08-26General Book12014-08-26Central Library, BUET    Central Library, BUET  1033422014-08-26
623_000000000000000_8PRO2001Circulation section 623.8/PRO/20012017-07-30General Book22014-08-26Central Library, BUET    Central Library, BUET  1033442014-08-26
623_000000000000000_8PRO2001Circulation section 623.8/PRO/20012015-06-08General Book32014-08-26Central Library, BUET    Central Library, BUET  1033452014-08-26
623_000000000000000_8PRO2001Circulation section2015-05-20623.8/PRO/20012015-08-18General Book42014-08-26Central Library, BUET    Central Library, BUET1 1033462014-08-26
623_000000000000000_8PRO2001Circulation section 623.8/PRO/20012014-08-26General Book52014-08-26Central Library, BUET    Central Library, BUET  1033472014-08-26
623_000000000000000_8PRO2001Circulation section2018-08-06623.8/PRO/20012018-08-29General Book62014-08-26Central Library, BUET    Central Library, BUET2 1033482014-08-26
623_000000000000000_8PRO2001Circulation section2018-08-29623.8/PRO/20012018-09-11General Book72014-08-26Central Library, BUET    Central Library, BUET1 1033492014-08-26
623_000000000000000_8PRO2001Circulation section 623.8/PRO/20012015-08-16General Book82014-08-26Central Library, BUET    Central Library, BUET  1033502014-08-26
623_000000000000000_8PRO2001Circulation section 623.8/PRO/20012015-03-01General Book92014-08-26Central Library, BUET    Central Library, BUET  1076742014-08-26
623_800000000000000_PRO_2001Circulation section2018-08-28623.8/PRO/20012018-09-09General Book102017-05-16Central Library, BUET    Central Library, BUET1 1033432007-05-07